Honest Religion for Secular Man / (Record no. 5889)

MARC details
000 -LEADER
fixed length control field 00546nam a2200193Ia 4500
003 - CONTROL NUMBER IDENTIFIER
control field GBCCL
005 - DATE AND TIME OF LATEST TRANSACTION
control field 20241126110551.0
008 - FIXED-LENGTH DATA ELEMENTS--GENERAL INFORMATION
fixed length control field 180412b ||||| |||| 00| 0 eng d
040 ## - CATALOGING SOURCE
Transcribing agency gbc
082 ## - DEWEY DECIMAL CLASSIFICATION NUMBER
Classification number 261.5
Item number NEW
100 ## - MAIN ENTRY--PERSONAL NAME
Personal name Newbigin, J. E. Lesslie
9 (RLIN) 10655
245 ## - TITLE STATEMENT
Title Honest Religion for Secular Man /
Statement of responsibility, etc. J. E. Lesslie Newbigin
250 ## - EDITION STATEMENT
Edition statement Ind. ed.
260 ## - PUBLICATION, DISTRIBUTION, ETC.
Name of publisher, distributor, etc. Lucknow Publishing House,
Place of publication, distribution, etc. Lucknow:
Date of publication, distribution, etc. 1967
300 ## - PHYSICAL DESCRIPTION
Extent 159 p.;
Dimensions 18 cm.
650 ## - SUBJECT ADDED ENTRY--TOPICAL TERM
Topical term or geographic name entry element Christianity
Chronological subdivision 20th Century
9 (RLIN) 436
650 ## - SUBJECT ADDED ENTRY--TOPICAL TERM
Topical term or geographic name entry element Secularization
9 (RLIN) 10656
942 ## - ADDED ENTRY ELEMENTS (KOHA)
Source of classification or shelving scheme Dewey Decimal Classification
Koha item type Books
Holdings
Withdrawn status Lost status Source of classification or shelving scheme Damaged status Not for loan Home library Current Library Shelving location Date acquired Total checkouts Full call number Barcode Date last seen Copy number Price effective from Koha item type
    Dewey Decimal Classification     GRACE BIBLE COLLEGE GRACE BIBLE COLLEGE Ministry & Mission 2018-04-12   261.5 NEW 001462 2025-05-01 c.1 2018-04-12 Books
© Grace Bible College Library 2025